000 00703nam a2200241Ia 4500
003 OSt
005 20220923212700.0
006 a|||||r|||| 00| 0
007 ta
008 220922b |||||||| |||| 00| 0 hin d
024 _a155,197
037 _cTextual
040 _aARTS
_cARTS
_bhin
041 _2hin
_ahin
082 _aO15,1A1, 152F7.2
100 _aशर्मा, गोपाल
_9156290
245 0 _aवाल्मीकी रामायण
246 _aVālmīkī rāmāyaṇa
260 _c1927
650 _aसंस्कृत साहित्य
942 _hO15,1A1, 152F7.2
_cTEXL
_2CC
999 _c310764
_d310764